Normal view MARC view
  • Jiménez de Cisneros Puig, Bernat

Entry Nom personal

Number of records used in: 2

001 - NÚMERO DE CONTROL

  • campo de control: 169223

003 - IDENTIFICADOR DEL NÚMERO DE CONTROL

  • campo de control: ES-BaIT

005 - FECHA Y HORA DE LA ÚLTIMA TRANSACCIÓN

  • campo de control: 20260413090832.0

008 - DATOS DE LONGITUD FIJA

  • campo de control de longitud fija: 260413|| aca||aabn | a|a d

040 ## - FUENTE DE LA CATALOGACIÓN

  • Centro catalogador/agencia de origen: ES-BaIT

100 1# - ENCABEZAMIENTO-NOMBRE DE PERSONA

  • Nombre de persona: Jiménez de Cisneros Puig, Bernat

Powered by Koha